Sideways Stories from Wayside School chapter 19 Quiz Stats

 Plays Quiz not verified by Sporcle

Challenge
Share
Tweet
Embed
Score 0/11 Timer 00:30
0 Plays Today
Text % Correct
There
94.1%
There
94.1%
is
90.6%
no
90.6%
is
90.6%
no
90.6%
Miss
65.9%
story.
65.9%
Zarves.
60%
nineteenth
60%
Sorry.
60%

You're not logged in!

Compare scores with friends on all Sporcle quizzes.
OR
Log In

You Might Also Like...

Show Comments

Extras

Created Jun 1, 2014ReportNominate
Tags:chapter, recite, school, story, text

Top Quizzes Today


Score Distribution

Your Account Isn't Verified!

In order to create a playlist on Sporcle, you need to verify the email address you used during registration. Go to your Sporcle Settings to finish the process.

Report this User

Report this user for behavior that violates our Community Guidelines.

Details: